000 00681nam a2200265Ia 4500
003 OSt
005 20220912151936.0
006 a|||||r|||| 00| 0
007 ta
008 220909b |||||||| |||| 00| 0 eng d
024 _a64367
037 _cTextual
040 _aCSL
_beng
_cCSL
041 _aeng
082 _aK:12, D6.5;1 CS
100 _aSedwick Adam
245 0 _aPeripatus, myriapods, insects
260 _c1906
300 _ap.
_ccm.
650 _aFauna
700 _a Sharp David
700 _a Sinclair F G
942 _hK:12, D6.5;1 CS
_cTEXL
_2CC
999 _c77599
_d77599